000 00306nam a22001337a 4500
008 170526b xxu||||| |||| 00| 0 eng d
020 _a9780471926177
041 _aeng
080 _a621.3
100 _a27
101 _aIM
245 _aAN INTRODUCTION TO POWER ELECTRONICS
_cBIRD, B,M
942 _2udc
_cBK
999 _c14489
_d14489